000 00392cam a22001457a 4500
008 180718b2003 xxu||||| |||| 00| 0 eng d
020 _a8173413061
082 _aN4x54 C937
100 _aCurry, J.C.
245 _aThe Indian police
_cby J.C. Curry
260 _aDelhi
_bIndian Pub.
_c2003
300 _a352p.
650 _aPolice administration - India
650 _aPolice regulations - India
999 _c401919
_d401919